000 00713nam a2200265Ia 4500
003 OSt
005 20221006153205.0
006 a|||||r|||| 00| 0
007 ta
008 221006b |||||||| |||| 00| 0 kor d
020 _a9788907026491
_cW 31,000
024 _a31,560
037 _bGift, Korean Embassy
_cTextual
040 _aEASL
_cEASL
_bkor
041 _2kor
_akor
082 _aP495:4k, P4
245 0 _aNew-ace Korean dictionary
260 _aSeoul
_bKeumseong Korea
_c2004
300 _a2536p.
_ccm.
490 _v KL
650 _a KL
650 _aKorean langugae ditionary
_9662834
942 _hP495:4k, P4
_cTEXL
_2CC
999 _c1099646
_d1099646